Reingeniería paso a paso (Registro nro. 8893)
[ vista simple ]
| 000 -LEADER | |
|---|---|
| fixed length control field | 00477ngm a22001817a 4500 |
| 005 - DATE AND TIME OF LATEST TRANSACTION | |
| control field | 20170224145017.0 |
| 008 - FIXED-LENGTH DATA ELEMENTS--GENERAL INFORMATION | |
| fixed length control field | 160216b xxu||||| |||| 00| 0 spa d |
| 041 ## - LANGUAGE CODE | |
| Language code of text/sound track or separate title | spa |
| 082 ## - CLASIFICACIÓN | |
| Clasificación | 49 DVD |
| 100 ## - AUTOR | |
| Autor | Palom Izquierdo Francisco Javier |
| 245 ## - TÍTULO | |
| Title | Reingeniería paso a paso |
| 300 ## - PHYSICAL DESCRIPTION | |
| Number of Pages | 52 minutos |
| 650 ## - SUBJECT ADDED ENTRY--TOPICAL TERM | |
| Topical Term | REINGENIERÍA |
| 650 ## - SUBJECT ADDED ENTRY--TOPICAL TERM | |
| Topical Term | PREPARACIÓN OPERATIVA |
| 650 ## - SUBJECT ADDED ENTRY--TOPICAL TERM | |
| Topical Term | EQUIPO DE TRABAJO |
| 650 ## - SUBJECT ADDED ENTRY--TOPICAL TERM | |
| Topical Term | PROCESOS |
| 942 ## - ADDED ENTRY ELEMENTS (KOHA) | |
| Koha item type | DVD |
| Withdrawn status | Lost status | Damaged status | Not for loan | Home library | Current library | Date acquired | Total Checkouts | Full call number | Accession Number | Date last seen | Price effective from | Koha item type |
|---|---|---|---|---|---|---|---|---|---|---|---|---|
| Departamento de Biblioteca y Documentación Alfonso Chase Brenes | Departamento de Biblioteca y Documentación Alfonso Chase Brenes | 24/02/2017 | 49 DVD | 49DVD | 24/02/2017 | 24/02/2017 | DVD |